| 000 | 01118cab a22002175a 4500 | ||
|---|---|---|---|
| 001 | L139503 | ||
| 008 | 070730s2007 xxk f 000 0 eng d | ||
| 035 | _a(Sirsi) u139503 | ||
| 041 | 0 | _aeng | |
| 110 | 2 |
_aLetting Update Journal _95294 |
|
| 245 | 0 | 0 |
_aPeople and penalties _bcomplying with the new legislation |
| 260 | _c2007 | ||
| 490 |
_aLetting Update Journal _v15(2) July 2007, 19-21(3) |
||
| 520 | _aExamines the Housing Act 2004's new definition of a Relevant Person. This means anyone who provides a deposit on behalf of a tenant. This might be a council, a relative or a friend. Questions how the Relevant Person is known to exist for the contract. Examines the concept of the Lead Tenant, a position recognised by the Deposit Protection Service. Also addresses the new laws regarding post tenancy contact and the provision of the landlord's address. | ||
| 590 | _aKA | ||
| 650 | 2 | 4 | _aHOUSING ACT 2004 PART VI |
| 650 | 2 | 4 | _aASSURED TENANCIES |
| 651 | 4 |
_aUnited Kingdom _y |
|
| 690 | _aPROPERTY-RESIDENTIAL PROPERTY-RESIDENTIAL LANDLORD AND TENANT-RESIDENTIAL TENANCIES-ASSURED TENANCIES | ||
| 942 | _n0 | ||
| 999 |
_c79044 _d79044 |
||